Statystyki dla Kierowcy F1 2016

Kliknij tutaj aby rozwiązać quiz!

Ogólne statystyki

  • Ten quiz został rozwiązany 40 razy
  • Średni wynik to 19 z 26

Statystyki odpowiedzi

ZespółKierowca% Poprawnych
Mercedes AMG Petronas Formula One TeamLewis Hamilton
97%
Nico Rosberg
97%
Scuderia FerrariSebastian Vettel
97%
Max Verstappen
94%
Scuderia Toro RossoMax Verstappen
94%
Carlos Sainz
91%
McLaren Honda Formula 1 TeamFernando Alonso
88%
Kimi Raikkonen
88%
Renault Sport Formula One TeamKevin Magnussen
85%
Valtteri Bottas
85%
Red Bull RacingDaniel Ricciardo
82%
Nico Hulkenberg
79%
Haas F1 TeamRomain Grosjean
79%
Sahara Force India Formula One TeamSergio Perez
79%
Daniil Kvyat
73%
Daniil Kvyat
73%
Williams Martini RacingFelipe Massa
73%
Esteban Ocon
61%
Sauber F1 TeamMarcus Ericsson
61%
Jenson Button
58%
Manor Racing MRTPascal Wehrlein
45%
Esteban Gutierrez
42%
Jolyon Palmer
42%
Stoffel Vandoorne
39%
Felipe Nasr
36%
Rio Haryanto
30%

Rozkład punktacji

Percentyl według liczby udzielonych odpowiedzi

Procent ludzi z każdym wynikiem

Twoja historia wyników

Nie rozwiązałeś tego quizu